| 000 | 00622nam a22002057a 4500 | ||
|---|---|---|---|
| 999 |
_c2847 _d2847 |
||
| 003 | AR-CdUCM | ||
| 008 | 190305b ||||| |||| 00| 0 spa d | ||
| 040 |
_aMUNICIPALIDAD PROVINCIAL DEL CUSCO _cBIBLIOTECA MUNICIPAL DEL CUSCO |
||
| 082 |
_a869.56 / _bD75 |
||
| 100 |
_a Diez Canseco Pereira, José _9554 |
||
| 245 | _aEstampas Mulatas / | ||
| 260 |
_aLima : _bPopulibros peruanos, |
||
| 300 |
_a126 páginas ; _c17 cm. |
||
| 440 |
_aPopulibros peruanos. _n7a serie _99875 |
||
| 650 |
_aSiglo XX _98 |
||
| 650 |
_aTradiciones-Perú _99876 |
||
| 650 |
_acuentos de costumbres _9557 |
||
| 942 |
_2ddc _cLIBROS |
||
| 945 | _azta | ||